| 000 | 01252cam a22003374a 4500 | ||
|---|---|---|---|
| 999 |
_c1473 _d1473 |
||
| 001 | 15066642 | ||
| 003 | GZU | ||
| 005 | 20201019083258.0 | ||
| 008 | 071101s2008 maua b 001 0deng | ||
| 010 | _a 2007078894 | ||
| 020 | _a9780073528182 | ||
| 040 |
_aDLC _cDLC _dDLC |
||
| 042 | _apcc | ||
| 050 | 0 | 0 |
_aHM585 _bRIT 2008 |
| 082 | 0 | 0 |
_a301/.01 _222 |
| 100 | 1 |
_aRitzer, George. _eauthor |
|
| 245 | 1 | 0 |
_aSociological theory / _cGeorge Ritzer. |
| 250 | _a7th ed. | ||
| 260 |
_aBoston : _bMcGraw-Hill, _cc2008. |
||
| 300 |
_axv, 652, A-16, R-120, C-2, I-35 ; _c24 cm. |
||
| 504 | _aIncludes bibliographical references (R1-120) and index. | ||
| 650 | 0 | _aSociology. | |
| 650 | 0 |
_aSociologists _vBiography. |
|
| 700 | 1 | _aGoodman, Douglas J. | |
| 856 | 4 | 2 |
_3Contributor biographical information _uhttp://www.loc.gov/catdir/enhancements/fy0804/2007078894-b.html |
| 856 | 4 | 2 |
_3Publisher description _uhttp://www.loc.gov/catdir/enhancements/fy0804/2007078894-d.html |
| 856 | 4 | 1 |
_3Table of contents only _uhttp://www.loc.gov/catdir/enhancements/fy0804/2007078894-t.html |
| 906 |
_a7 _bcbc _corigcop _d2 _encip _f20 _gy-gencatlg |
||
| 942 |
_2lcc _cBK _e7th _h585 _iRIT _kHM |
||